000 00663nam a22002057a 4500
005 20251108171804.0
008 250721s1993 xx 000 0 ara d
082 1 4 _aط/542.24/بار
100 1 _aباركر، برتاموريس
245 1 0 _aالمادة و الجزيئات و الذرات /
250 _aط4
264 1 _aالقاهرة :
_bدار المعارف،
_c1993.
300 _a36ص : مص
490 0 _aمجموعة الكتب العلمية المبسطة ؛ 26
650 1 7 _aالذرات
653 _aناشئون صغار (10-14) سنة
700 1 _aالوكيل، عمر كامل
_eترجمة
942 _2ddc
_cBK
999 _c62529
_d62529